000 00343 a2200157 4500
001 70343
020 _a8572081534
040 _cAnchieta - Itaigara
100 _aSouza, Flávio de
240 1 0 _aVida de cachorro
_lpor
245 1 0 _aVida de cachorro
300 _a28
362 0 _a1996
650 4 _aLiteratura infanto-juvenil
942 _cBK
999 _c70343
_d70343